| 000 | 00560nam a2200181Ia 4500 | ||
|---|---|---|---|
| 003 | GCL | ||
| 008 | 140319s9999 xx 000 0 ara d | ||
| 040 |
_aGCL / _cGCL |
||
| 082 | 0 | 4 |
_a823 _bهـ ر |
| 100 | 1 | _aهمنجواى، ارنست | |
| 245 | 1 | 0 |
_aرجال بلا نساء / _cهمنجواى، ارنست |
| 260 |
_aالاردن : _bدار الشروق ، _c1987 |
||
| 300 |
_a261 ص ؛ _c22 سم |
||
| 490 | _a | ||
| 650 | 0 | 4 | _aالقصص الامريكية المترجمة |
| 650 | 0 | 4 | _aالادب الامريكى المترجم |
| 942 |
_2ddc _cBK |
||
| 999 |
_c28577 _d28577 |
||